=LDR 00000nam 2200000 4500 =001 INLIS000000000038503 =005 20130612144154 =008 ***********************************Ind** =035 ##$$0010-061300000038503 =041 ##$$a Ind =082 ##$$a 641.5 =090 ##$$a 641.5, Pri t =100 ##$$a Priyatni, Dewi =245 ##$$a 30 menu 2 hidangan masakan manado, Dewi Priyatni; Editor, Intarina Hardiman =260 ##$$a 2010 $b Jakarta =300 ##$$a 67 hlm, Ilus, 25 cm =650 ##$$a Masakan - resep =700 ##$$a Hardiman, Intarina =850 ##$$a NBPNMAT =990 ##$$a 0001/BPAP-NTB/2016